Catalog

Record Details

Catalog Search



The sky's the limit! / Nick Eliopulos ; ... Read More

Eliopulos, Nick,(author.).
Batson, Alan,(illustrator.).

Available copies

  • 0 of 1 copy available at LARL/NWRL Consortium.
  • 0 of 1 copy available at Northwest Regional Library. (Show)

Current holds

0 current holds with 1 total copy.

Show Only Available Copies
Location Call Number / Copy Notes Barcode Shelving Location Status Due Date
Warroad Public Library e ELI (Text) 35500006898645 Main Checked out 06/04/2026

Record details

  • ISBN: 9780593483053
  • ISBN: 0593483057
  • ISBN: 9780593483046
  • ISBN: 0593483049
  • ISBN: 9781685058128
  • ISBN: 1685058124
  • ISBN: 9781518284250
  • ISBN: 1518284256
  • Physical Description: 28 pages : color illustrations ; 24 cm.
  • Publisher: New York : Random House, [2023]

Content descriptions

General Note:
Media tie-in
Summary, etc.:
Emmy and Birch and their tame wolf Byte are new to ... Read More
Subject: Emmy (Fictitious character) > Juvenile fiction.
Birch (Fictitious character) > Juvenile fiction.
Sports stories.
Explorers > Juvenile fiction.
Minecraft (Game) > Juvenile fiction.
Flight > Fiction.
Minecraft (Game) > Fiction.
JUVENILE FICTION > Sports & Recreation > General.
JUVENILE FICTION > Media Tie-In.
JUVENILE FICTION > Readers > Beginner.
Sports stories
Minecraft (Game)
Explorers
Diversity.
Diversity > Juvenile fiction.
Genre: Readers (Primary)
Readers (Publications)
Action and adventure fiction
Fiction
Juvenile works
Adventure fiction.
Readers (Publications)
Action and adventure fiction.
LDR 04227cam a2200949 i 4500
001474420
003LARL_NWRL_CONSORTIUM
00520251105093547.0
008221129t20232023nyua b 000 1 eng d
040 . ‡aLPU ‡beng ‡erda ‡cLPU ‡dYDX ‡dETC ‡dBDX ‡dOCLCF ‡dJVK ‡dJCX ‡dLMJ ‡dOQX ‡dJBI ‡dTOH ‡dPPR ‡dUAP ‡dSXP ‡dOCLCQ ‡dRB0 ‡dOCL ‡dXY4 ‡dEHH ‡dSDG ‡dCHILD ‡dSINLB ‡dZ#6 ‡dOCL ‡dQJK ‡dKYC ‡dOCL ‡dOCLCO ‡dIG# ‡dOCLCL ‡dOCLCO ‡dOKE
019 . ‡a1333919996 ‡a1333920967 ‡a1366492596 ‡a1370010918 ‡a1379302340 ‡a1402765257
020 . ‡a9780593483053 ‡q(library binding)
020 . ‡a0593483057 ‡q(library binding)
020 . ‡a9780593483046 ‡q(trade paperback)
020 . ‡a0593483049 ‡q(trade paperback)
020 . ‡a9781685058128 ‡q(Penworthy)
020 . ‡a1685058124 ‡q(Penworthy)
020 . ‡a9781518284250 ‡q(Follett bdg)
020 . ‡a1518284256 ‡q(Follett bdg)
035 . ‡a(OCoLC)1352092663 ‡z(OCoLC)1333919996 ‡z(OCoLC)1333920967 ‡z(OCoLC)1366492596 ‡z(OCoLC)1370010918 ‡z(OCoLC)1379302340 ‡z(OCoLC)1402765257
08204. ‡a[E] ‡223/eng/20221220
1001 . ‡aEliopulos, Nick, ‡eauthor. ‡1https://id.oclc.org/worldcat/entity/E39PCjCP6X4pR6VQPhjjtCXhMd ‡0(LARL_NWRL_CONSORTIUM)198040
24514. ‡aThe sky's the limit! / ‡cNick Eliopulos ; illustrated by Alan Batson.
2461 . ‡iAt head of title: ‡aMinecraft
2463 . ‡aSky is the limit!
264 1. ‡aNew York : ‡bRandom House, ‡c[2023]
264 4. ‡c©2023
300 . ‡a28 pages : ‡bcolor illustrations ; ‡c24 cm.
336 . ‡atext ‡btxt ‡2rdacontent
336 . ‡astill image ‡bsti ‡2rdacontent
337 . ‡aunmediated ‡bn ‡2rdamedia
338 . ‡avolume ‡bnc ‡2rdacarrier
380 . ‡aFiction ‡2marcgt
4900 . ‡aMinecraft
4900 . ‡aStep into reading. Step 3
500 . ‡aMedia tie-in
520 . ‡aEmmy and Birch and their tame wolf Byte are new to the world of Minecraft but always ready to explore. This time, Birch wants to go flying more than anything. Emmy has an idea for getting the right materials but it is going to be an incredible journey.
60000. ‡aEmmy ‡c(Fictitious character) ‡vJuvenile fiction.
60000. ‡aBirch ‡c(Fictitious character) ‡vJuvenile fiction.
650 0. ‡aSports stories. ‡0(LARL_NWRL_CONSORTIUM)31779
650 0. ‡aExplorers ‡vJuvenile fiction.
650 0. ‡aMinecraft (Game) ‡vJuvenile fiction.
650 1. ‡aFlight ‡vFiction.
650 1. ‡aMinecraft (Game) ‡vFiction.
650 7. ‡aJUVENILE FICTION ‡xSports & Recreation ‡xGeneral. ‡2bisacsh
650 7. ‡aJUVENILE FICTION ‡xMedia Tie-In. ‡2bisacsh
650 7. ‡aJUVENILE FICTION ‡xReaders ‡xBeginner. ‡2bisacsh
650 7. ‡aSports stories ‡2fast ‡0(LARL_NWRL_CONSORTIUM)31779
650 7. ‡aMinecraft (Game) ‡2fast
650 7. ‡aExplorers ‡2fast ‡0(LARL_NWRL_CONSORTIUM)19848
650 7. ‡aDiversity. ‡2homoit
650 7. ‡aDiversity ‡vJuvenile fiction. ‡2homoit
655 7. ‡aReaders (Primary) ‡2fast
655 7. ‡aReaders (Publications) ‡2fast
655 7. ‡aAction and adventure fiction ‡2fast
655 7. ‡aFiction ‡2fast
655 7. ‡aJuvenile works ‡2fast
655 7. ‡aAdventure fiction. ‡2gsafd
655 7. ‡aReaders (Publications) ‡2lcgft
655 7. ‡aAction and adventure fiction. ‡2lcgft
7001 . ‡aBatson, Alan, ‡eillustrator. ‡0(LARL_NWRL_CONSORTIUM)44291
901 . ‡a474420 ‡bAUTOGEN ‡c474420 ‡tbiblio

Additional Resources